000 00484nam a2200181 a 4500
001 0420
005 20140414131917.0
008 040106s19uu xx 00 eng d
020 _a0-94853-516-4
050 _aER
_bL46 1993
100 _aKnights, Roger
245 _aLettermen on the farm (The) : chug /
_cRoger Knights.
260 _aGreat Britain :
_bLettermen,
_c1993.
300 _ap. ; cm.
650 _aAlphabets
_xFiction.
650 _aChildren stories.
999 _c111547
_d111547